00788nam a2200217 i 4500001000300000100001900003245010300022250001200125260002700137300002000164490007700184650001400261655003000275830007700305020001500382040000800397041000700405080001900412008004100431856009800472bg1 aZBOŚ, Danuta10aPrzewodnik do ćwiczeń z przedmiotu Podstawy informatyki :bpomoc dydaktyczna /cDanuta Zboś. aWyd. 2. aKraków :bPK,c1996. a43 s. ;c24 cm.1 aInformatyka Stosowana / Politechnika Krakowska im. Tadeusza Kościuszki 9aKomputery aPodręczniki akademickie 0aInformatyka Stosowana (Politechnika Krakowska im. Tadeusza Kościuszki) a8390387808 cBPK0 apl a681.322(075.8) s pl f |000 0 pol  uhttp://koha.tu.koszalin.pl/cgi-bin/koha/opac-detail.pl?biblionumber=31581yKatalog online BPK